000 00345nam a2200133 a 4500
005 20140412111257.0
008 100122s19uu xx 00 eng d
020 _a983-3665-15-2
050 _aBB 550
_bW89 2008
245 _aMy big book of Incredible Atlas.
260 _aMalaysia :
_bKohwai & Young,
_c2008.
300 _a17p.
999 _c103250
_d103250